| 000 | 00662nam a22002057a 4500 | ||
|---|---|---|---|
| 999 |
_c195196 _d195196 |
||
| 005 | 20230403171929.0 | ||
| 010 | _aENG-136340 | ||
| 020 |
_a9782855392455 _c655.00 |
||
| 035 | _aEN-119872 | ||
| 037 | _bDBAD/PUB | ||
| 082 | _a613.70 | ||
| 245 |
_aThe Amrtasiddhi And Amrtasiddhimula: _bThe Earliest Texts Of THe Hathyog Tradition/ _cEdited by Mallinson,James and Szanto,Peter |
||
| 260 |
_aPondicherry _bPondicherry Centre Of The EFEO |
||
| 270 | _aPondicherry Centre Of The EFEO, Pondicherry | ||
| 300 | v |
_axi, 203p.; _c24cm(Hb) |
|
| 700 | _aMallinson | ||
| 700 | _aJames | ||
| 700 | _aSzanto, Peter | ||
| 942 |
_2ddc _cEN _mAMR _h613.70 |
||